000 01194cam a22002771i 4500
003 Ost
005 20250413074049.0
008 250412s2003 mr g 000 0dara c
040 _aSA-JeALM
_bara
_cSA-RiAUC
_erda
082 0 4 _a250
_qSA-RiAUC
090 _a250
_b ر ي س
100 1 _aالريسوني، أحمد،
_d1953-
_eمؤلف.
245 1 0 _aنظرية المقاصد عند الإمام الشاطبي /
_cأحمد الريسوني.
250 _aالطبعة الثانية
264 1 _aالرباط، المغرب :
_bدار الأمان ،
_c2003
300 _a383 صفحة
_c24 سم.
336 _aنص
_btxt
_2rdacontent
_3كتاب
337 _aبدون وسيط
_bn
_2rdamedia
338 _aمجلد
_bnc
_2rdacarrier
490 _aالمعهد العالمي للفكر الاسلامي . محتارات من الرسائل الجامعية
_v1
600 1 7 _aالشاطبي، إبراهيم بن موسى بن محمد،
_dتوفي 790 هجري
_xآراء حول مقاصد الشريعة
_2aucnm
650 7 _aمقاصد الشريعة
_2aucsh
650 7 _aأصول الفقه الإسلامي
_2aucsh
942 _2ddc
_cBOOK
_n0
949 _aSA-JeALM
_d250412
_uosman123
_n1
999 _c6961
_d6961